Statistics for Most Googled Words, 2004-2015

Click here to take the quiz!

General Stats

  • This quiz has been taken 2,059 times
    (1,429 since last reset)
  • The average score is 6 of 26

Answer Stats

Answer% Correct
google
77%
facebook
71%
you
71%
youtube
60%
yahoo
42%
my
32%
news
30%
gmail
27%
music
24%
myspace
23%
tube
23%
videos
22%
map
21%
ebay
20%
games
16%
hotmail
13%
mail
13%
tv
12%
msn
11%
free
10%
download
7%
test
7%
web
6%
lyrics
4%
fb
3%
mp3
3%

Score Distribution

Percentile by Number Answered

Percent of People with Each Score

Your Score History

You have not taken this quiz since the last reset